Spolupráce přes hranice kultur

Salvato in:
Dettagli Bibliografici
Autore principale: Nový, Ivan
Altri autori: Schroll-Machl, Sylvia
Natura: Libro
Lingua:ceco
Pubblicazione: Praha MANAGEMENT PRESS 2005
Soggetti:
Tags: Aggiungi Tag
Nessun Tag, puoi essere il primo ad aggiungerne!!

MARC

LEADER 00000nam$a2200000$$$4500
001 0027801
005 20221129082951.8
020 |a 80-7261-121-6 
041 0 |a cze 
044 |a CZ 
245 1 0 |a Spolupráce přes hranice kultur  |c Ivan Nový & Sylvia Schroll-Machl 
264 1 |a Praha  |b MANAGEMENT PRESS  |c 2005 
300 |a 313 s. 
610 2 0 |a spolupráca medzinárodná 
610 2 0 |a globalizácia 
610 2 0 |a zvyklosti kultúrne 
610 2 0 |a civilizácia 
610 2 0 |a komunikácia multikultúrna 
610 2 0 |a spolupráca hospodárska medzinárodná 
610 2 0 |a spolupráca vedecká medzinárodná 
610 2 0 |a Európa 
610 2 0 |a Amerika 
610 2 0 |a Ázia 
100 1 |a Nový, Ivan 
700 1 |a Schroll-Machl, Sylvia